[Event "Olympiad-41"]
[Site "Tromsoe"]
[Date "2014.08.05"]
[Round "4.2"]
[White "Ding, Liren"]
[Black "Grischuk, Alexander"]
[Result "1/2-1/2"]
[WhiteElo "2742"]
[BlackElo "2795"]
[Annotator "Krasenkow,M"]
[PlyCount "153"]
[EventDate "2014.08.02"]
[EventType "team-swiss"]
[EventRounds "11"]
[EventCountry "NOR"]
[SourceTitle "CBM 162"]
[Source "ChessBase"]
[SourceDate "2014.09.17"]
[SourceVersion "1"]
[SourceVersionDate "2014.09.17"]
[SourceQuality "1"]
[WhiteTeam "China"]
[BlackTeam "Russia"]
[WhiteTeamCountry "CHN"]
[BlackTeamCountry "RUS"]

1. d4 Nf6 2. c4 g6 3. g3 c6 4. Nf3 d5 5. cxd5 cxd5 6. Bg2 Bg7 7. Ne5 Ne4 {
A rare continuation but apparently quite possible.} 8. Nd2 (8. O-O Nd7 $5 9.
Qb3 (9. Nxd7 Bxd7 10. Nd2 Nxd2 11. Bxd2 {1/2 (11) Razuvaev,Y (2585)
-Azmaiparashvili,Z (2620) Reggio Emilia 1996}) 9... Nxe5 10. dxe5 O-O 11. Be3
Be6 12. Bd4 Qc7 13. f3 Nc5 14. Qe3 b6 (14... Na6 15. Nc3 Nb4 16. Rac1 Nc6 17.
f4 $14 {0-1 (76) Bologan,V (2678)-Smirin,I (2661) Paks 2011}) 15. Nc3 Rac8 16.
f4 Qd7 $11) 8... Nd7 (8... Nxd2 {is quite good, too:} 9. Bxd2 (9. Qa4+ Bd7 10.
Nxd7 Qxd7 11. Qxd7+ Nxd7 12. Bxd2 e6 13. e3 O-O 14. Ke2 Rfc8 15. Rhc1 Bf8 $11 {
1/2 (27) Drasko,M (2510)-Ivanisevic,I (2560) Herceg Novi 2001}) 9... O-O (9...
Nd7 10. Bf4 Qa5+ 11. Qd2 Qxd2+ 12. Kxd2 Nxe5 13. Bxe5 f6 {1/2 (13) Dautov,R 
(2611)-Azmaiparashvili,Z (2678) Istanbul 2003}) 10. O-O Nd7 ({even after} 10...
Nc6 11. Nxc6 bxc6 {White failed to reach a real advantage in the following
game:} 12. Qa4 Bd7 13. Rac1 Qb6 14. e3 a5 15. b3 Ra7 16. Qa3 e6 17. Qc5 Qxc5
18. Rxc5 Rfa8 19. Rb1 Bf8 20. Rc2 Rb7 21. Bf3 Bb4 22. Kg2 {1/2 (22) Fodor,T 
(2462)-Varga,Z (2445) Kecskemet HUN 2014}) 11. Bc3 Nf6 (11... Nxe5 12. dxe5 Be6
13. Qd2 Qd7 14. Rfd1 Rfd8 15. Qe3 Qa4 16. Rd4 Qa6 17. a3 Rd7 18. Rad1 Rad8 19.
R4d2 b6 20. Rd3 h5 21. Bd4 Rc7 22. Rc3 Rxc3 23. Bxc3 Rd7 24. h4 {1/2 (24) Esen,
B (2588)-Safarli,E (2620) Baku 2012}) 12. Qb3 Ne4 13. Bxe4 dxe4 14. Rfd1 Qb6
15. Qxb6 axb6 16. Nc4 Be6 17. d5 Bg4 18. Bxg7 Kxg7 19. Kf1 b5 20. Ne3 Bd7 21.
a3 Rfc8 22. Rac1 Kf6 23. Rxc8 Rxc8 24. d6 e6 25. Ng4+ Kf5 26. Ne3+ Kf6 27. Ng4+
Kf5 {1/2 (27) Aronian,L (2812)-Gelfand,B (2777) Zurich SUI 2014}) 9. Nxe4 (9.
Nxd7 Qxd7 10. O-O (10. Nxe4 dxe4 11. Bxe4 (11. Be3 Qd5 12. Qa4+ Bd7 13. Qa3 {
1/2 (51) Keene,R-Eichhorn,E Ybbs 1968} Bb5 $132) 11... Qxd4 (11... Bxd4 $5 12.
Qb3 O-O 13. Be3 Bxe3 14. Qxe3 Qb5 15. O-O Qxb2 16. a4 Qe5 17. Rab1 Bh3 18. Rfc1
Rad8 $132 {1/2 (37) Esen,B (2563)-Swiercz,D (2631) Yerevan ARM 2014}) 12. Qxd4
Bxd4 13. O-O Bh3 (13... O-O 14. Rd1 Bg7 15. Rb1 $5 (15. Bf4 Be6 16. Bxb7 Rad8
17. Bc7 Rxd1+ 18. Rxd1 Bxa2 $11 {1/2 (49) Onischuk,A (2659)-Hansen,E (2593)
Tromso NOR 2014}) 15... a5 16. b3 a4 17. a3 $14) 14. Rd1 O-O-O $1 $11 (14...
Rd8 15. Bh6 Bc8 16. Rd2 f6 17. Rad1 Bb6 18. Rxd8+ Bxd8 19. Rc1 $14 {1/2 (51)
Nielsen,P (2654)-Maletin,P (2588) Dubai UAE 2014})) 10... Nxd2 11. Bxd2 O-O (
11... b6 $5) 12. Bf4 b6 13. Rc1 Ba6 14. Rc7 Qe6 {[%cal Ra6e2,Yf8c8]} 15. Qa4
Qxe2 16. Rfc1 Bb5 17. Qb4 a5 18. Qc3 Ba6 (18... Qe6 $142 19. Re1 Qf5 20. Rcxe7
Rfe8) 19. Be3 Qb5 20. Rxe7 Rac8 21. Qd2 Rxc1+ 22. Qxc1 Bc8 23. Rc7 Be6 24. a3
$14 {1/2 (49) Gelfand,B (2753)-Dominguez Perez,L (2760) Tromso NOR 2014}) 9...
dxe4 10. O-O O-O {After this move the game unexpectedly transposes to the line
7.0-0 0-0 8.Nc3 Ne4 9.Nxe4 dxe4 10.Ne5 Nd7 (quite possible although I
recommended 10...Qd5 in my survey in CBM 155).} (10... Nxe5 $5 11. dxe5 Bf5 12.
Qb3 O-O 13. Qxb7 Qd4 14. Qxe7 {1-0 (48) Freisler,P (2350)-Berezin,O (2455)
Pardubice 1996} Rfe8 $5 15. Qa3 Qxe5 $44) 11. Bf4 (11. Nxd7 Bxd7 (11... Qxd7
12. Bxe4 (12. Be3 Qd5 13. f3 Bf5 14. Qb3 Qxb3 15. axb3 exf3 16. Bxf3 Rfd8 17.
Rfd1 a5 $11 {0-1 (35) Stoltz,G-Poulsen,C Aalborg 1947}) 12... Qxd4 (12... Bxd4
13. Bg5 Rd8 14. Qc2 f6 15. e3 Bb6 16. Rfd1 Qb5 17. Rxd8+ Bxd8 18. Bh6 $16 {
1-0 (50) Brooks,I (2477)-Ruefenacht,M (2512) BFCC 1999}) 13. Qxd4 Bxd4 14. Rd1
Bg7 15. Rb1 $1 $14 {- see above}) 12. Bxe4 (12. d5 Bf5 13. Be3 Qd7 14. Qb3 Rfc8
15. Rad1 b5 16. Bd4 Rc4 17. Bxg7 Kxg7 18. Qe3 Qd6 19. b3 Rc2 $11 {0-1 (33)
Granda Zuniga,J (2599)-Barrero Garcia,C (2339) Evora 2008}) 12... Bh3 13. Bxb7
Rb8 14. Bg2 Bxg2 15. Kxg2 Bxd4 $44 16. f3 {1/2 (16) Vaganian,R (2664)-Svidler,
P (2690) Mainz 2002}) (11. Bxe4 Nxe5 12. dxe5 Bh3 {(even more accurate)} (12...
Bxe5 13. Bh6 Re8 (13... Bg7 14. Bxg7 Kxg7 15. Qb3 Qd4 16. Bf3 Be6 17. Qxb7 Rab8
18. Qxe7 Rxb2 19. Rfd1 $14 {1/2 (66) Ljubojevic,L (2600)-Glek,I (2635) Breda
1996}) 14. Qa4 (14. Qxd8 Rxd8 15. Rfd1 Be6 16. Bxb7 Rab8 17. Rxd8+ Rxd8 18. a4
Bxb2 $11 {1-0 (28) Salov,V (2655)-Martinez,F (2280) Oviedo 1992}) 14... Bd7 15.
Qb3 Qb6 16. Be3 Qxb3 17. axb3 Bc6 18. Bxc6 bxc6 19. Bxa7 Bxb2 $11 {1-0 (36)
Rausis,I (2482)-Neuman,P (2476) Czechia 2010}) 13. Re1 Qa5 {[%cal Ra8d8]} (
13... Qxd1 14. Rxd1 Bxe5 $11 {1/2 (24) Shainswit,G-Cortlever,N/Dubrovnik (ol)
1950}) 14. Bf4 Bxe5 15. Qd2 Qxd2 16. Bxd2 Rad8 17. Bh6 Rfe8 18. Rac1 Rd7 19. b3
Red8 $11 {1/2 (23) Ilieva,H (2190)-Velcheva,M Bankia 1991}) 11... Nf6 (11...
Nxe5 12. dxe5 Qb6 13. Qc2 $5 (13. Qd5 e3 14. Bxe3 Qxb2 15. f4 Qxe2 16. Rfe1 Qa6
17. Rac1 Rb8 18. Qc4 Be6 19. Qxa6 bxa6 20. Bxa7 Rb2 $132 {1/2 (47) Zaitsev,V 
(2425)-Zakharov,V (2345) Novosibirsk 1998})) (11... Qb6 $5 12. Qa4 (12. Nc4 $5
Qxd4 13. Qxd4 Bxd4 14. Rfd1) 12... Nf6 13. Nc4 Qxd4 14. Rfd1 (14. Rac1 $6 {
1-0 (47) Danielsen,H (2482)-Zak,U (2198) Reykjavik 2009} Bd7) 14... Qc5 15.
Rac1 b5 16. Qa5 Be6 $13) 12. e3 {After this quiet move Black successfully
completes his development and obtains a good position but he was out of danger
in any case:} (12. Qa4 Bf5 13. Rfd1 Nd5 14. Qb3 {0-1 (74) Adianto,U (2583)
-Peng,X (2657) New Delhi/Teheran 2000} Nxf4 15. gxf4 Qd6 $11) (12. Rc1 Be6 13.
b3 Qa5 14. Qd2 Qxd2 15. Bxd2 Rfd8 16. e3 Rac8 17. Bb4 Bf8 18. Ba5 b6 19. Bb4
Bd5 20. Bh3 e6 $11 {1/2 (27) Sepp,O (2485)-Neuman,P (2471) Plovdiv 2010}) (12.
Qd2 Be6 13. Rfc1 Qb6 14. Nc4 Qa6 15. Ne3 Rfd8 16. Be5 Rd7 17. Rc7 $2 (17. Bxf6
Bxf6 18. d5 Bg5 19. Bxe4 Bxd5 20. Bxd5 e6 $11) 17... Rxc7 18. Bxc7 Bh6 $1 19.
Be5 Nd5 $1 20. Bxe4 Bxe3 $1 21. fxe3 f6 22. Bf4 g5 $17 {0-1 (28) Alterman,B 
(2585)-Glek,I (2635) Haifa 1996 CBM 054 [Sutovsky,E]}) 12... Be6 {[%cal Ye6d5]}
13. Qe2 Rc8 14. Rfc1 Rxc1+ 15. Rxc1 Bxa2 16. Nc4 Qc8 $6 (16... Bxc4 $6 17. Qxc4
$44 {[%csl Re4] ^^}) (16... Qd7 $1 {[%cal Yf8c8]} 17. Qc2 Rc8 18. b3 Bxb3 19.
Qxb3 b5 20. Bf1 bxc4 21. Bxc4 Nd5 $11) 17. Qc2 Bxc4 (17... b5 18. Nd2 Qxc2 19.
Rxc2 {[%cal Yd2e4]}) 18. Qxc4 Qf5 19. Qc5 {[%csl Gf4,Gg2][%cal Gc1c8] Black's
position has become unpleasant.} Nd5 20. Qxa7 Nxf4 21. gxf4 Qb5 $6 (21... Rc8
$142) 22. Qa3 Bf6 23. Bxe4 {White has won a pawn and obtained decent winning
chances.} Kg7 (23... Qe2 $142) 24. Kg2 Rd8 25. Rc5 Qd7 26. h3 b6 27. Rc6 Qb7
28. Qb3 Qd7 29. Qxb6 {Another pawn has fallen; still, the opposite-coloured
bishops make White's task far from trivial.} Rc8 30. b4 $2 {A poorly
considered move, after which White's victory is in serious doubt.} (30. Rc5 $1
e6 (30... Rxc5 31. dxc5 Qd2 32. c6 $1 e5 (32... Bh4 33. Qd4+ Qxd4 34. exd4 $18)
33. Qc5 Bh4 34. Qc2 Qxc2 35. Bxc2 Bd8 36. fxe5 {- three extra pawns should be
enough to win}) 31. b4 Be7 32. b5 $5 (32. Ra5 $18) 32... Bxc5 33. dxc5 {
[%csl Gb5,Gc5] , and White's connected passed pawns decide the game.}) 30...
Rxc6 31. Qxc6 {The "pure" opposite-coloured-bishop endgame has drawish
tendencies but after} (31. Bxc6 Qe6 {[%cal Ye6a2,Yf6h4] White faces serious
technical problems, too.}) 31... Qxc6 32. Bxc6 {[%mdl 4096]} e6 33. b5 Bd8 34.
d5 $6 {White goes for a pawn structure in which he can't create a second
passed pawn.} (34. Kf3 {gave more chances. This ending needs a special, quite
extensive analysis, of course.}) 34... Bc7 35. dxe6 $6 (35. Kf3) 35... fxe6 36.
Kf3 Kf6 37. Ke4 Bb6 38. Kd3 Kf7 39. Bf3 Kf6 40. Bg4 Kf7 41. Bf3 Kf6 42. Be4 Kf7
43. Bb7 Kf6 44. Kc4 Ke7 45. Bf3 Kf7 46. Kb4 Kf6 47. Be2 Kf7 48. Kc4 Kf6 49. Bd1
Ba7 50. Bf3 Bb6 51. Be2 Ba7 52. h4 h5 53. Bd3 Bb6 54. Kb4 Kf7 55. Bf1 Ke7 56.
Bg2 Kf7 57. Bh3 Ke7 58. Bf1 Kf7 59. Bd3 Kg7 60. Be4 Kf6 61. Bc2 Kf7 62. Kc4 Kf6
63. Bd3 Kf7 64. Be2 Kf6 65. Bd1 Ba7 66. Kd3 Bb6 67. f3 Kf7 68. Bc2 Kf6 69. Bb3
Ke7 70. Bc2 (70. e4 {doesn't bring White any benefit.}) 70... Kf6 71. Bb1 Kf7
72. Ba2 Ke7 73. Bc4 Bc7 74. Ke2 Kf6 75. Bd3 Kf7 76. Bc2 Kf6 77. Kd3 $6 {
White overlooks a triple repetition after} (77. Kd3 Bb6 {but the position is
drawn anyway.}) 1/2-1/2

[Event "EU-Cup 30th"]
[Site "Bilbao"]
[Date "2014.09.14"]
[Round "1.1"]
[White "Grischuk, Alexander"]
[Black "Nijboer, Friso"]
[Result "1-0"]
[WhiteElo "2789"]
[BlackElo "2528"]
[Annotator "Meulders,R"]
[PlyCount "67"]
[EventDate "2014.09.14"]
[EventType "team-swiss"]
[EventRounds "7"]
[EventCountry "ESP"]
[SourceTitle "CBM 163"]
[Source "ChessBase"]
[SourceDate "2014.11.11"]
[SourceVersion "1"]
[SourceVersionDate "2014.11.11"]
[SourceQuality "1"]
[WhiteTeam "Malachite Sverdlovsk Region"]
[BlackTeam "En Passant"]
[WhiteTeamCountry "RUS"]
[BlackTeamCountry "NED"]

1. d4 f5 2. g3 Nf6 3. Bg2 g6 4. Nf3 Bg7 5. O-O O-O 6. c4 d6 7. Nc3 c6 8. b3 Qa5
{The alternatives are 8...Na6, 8...a5 and 8...Qc7, as advocated by Victor
Moskalenko in his recent book 'The Diamond Dutch'. Moskalenko finds 8...Qa5
more suitable for rapid games. The idea of this move is to advance ...e5
quickly and not be bothered by the sortie Ba3.} 9. Bb2 e5 10. Qd2 $1 {I think
this is a hard move to meet for Black. It certainly puts the early black queen
sortie to the test, as in several variations the unprotected position of the
Qa5 is crucial.} (10. dxe5 dxe5 11. e4 f4 12. Qd6 (12. gxf4 Nh5 13. Ne2 Bg4 14.
h3 Nxf4 $4 (14... Bxf3 15. Bxf3 Nxf4 16. Nxf4 Rxf4 $11) 15. Nxf4 $2 (15. hxg4
$1 $18) 15... Bxf3 16. Bxf3 Rxf4 17. Bg4 Na6 18. Qd6 Raf8 19. Rad1 $11 {
1-0 (62) Jakovenko,D (2725)-Gurevich,M (2614) Odessa 2010}) 12... Ne8 (12...
Na6 13. gxf4 exf4 14. e5 Rd8 15. Qa3 Qxa3 16. Bxa3 Ng4 $11) 13. Qd2 Bg4 14. h3
Bxf3 15. Bxf3 Na6 16. Rad1 Nac7 17. Na4 Qxd2 18. Rxd2 Ne6 $11 {1-0 (42)
Korobov,A (2678)-Bartel,M (2677) Lublin 2012}) (10. d5 e4 11. Ng5 h6 12. Ne6
Bxe6 13. dxe6 Qe5 14. Qd2 Qxe6 15. Rad1 Rd8 16. f3 e3 17. Qd3 Na6 18. Bc1 Re8
19. Qxd6 Qf7 20. Bb2 Bf8 21. Qd3 Nc5 22. Qc2 h5 23. f4 (23. Ne4 $11) 23... Ng4
24. b4 Na6 $2 (24... Ne6 25. Ne4 $5 fxe4 26. Bxe4 $13) 25. b5 $18 {0-1 (79)
Tregubov,P (2607)-Gurevich,M (2669) Corsica 2005}) 10... Na6 11. Rad1 $14 (11.
Rfd1 Qc7 12. dxe5 dxe5 13. Ba3 c5 14. Nd5 (14. Ng5) 14... Nxd5 15. Qxd5+ Kh8
16. Bb2 Nb4 $2 (16... e4 $11) 17. Qxe5 Qxe5 18. Bxe5 $18 {1-0 (58) Markos,J 
(2559)-Ehlvest,J (2601) Riga 2012}) 11... Re8 12. d5 $1 {Threatening to simply
take on c6 and d6.} c5 ({The alternative} 12... Bd7 {is less committal, but it
leaves Black with little or no counterplay and White methodically mopping up
the black position.} {One possible line illustrating White's comfortable game
is:} 13. dxc6 Bxc6 14. e4 $1 fxe4 (14... f4 15. a3 Qb6 16. b4 Nxe4 17. Nxe4
Bxe4 18. Qxd6 Qxd6 19. Rxd6 Rac8 20. c5 Nc7 21. Ng5 Bxg2 22. Kxg2 h6 23. Ne4
Ne6 24. Rd7 Rc7 25. Rxg7+ $1 Rxg7 26. Nf6+ $18) 15. Nxe4 Qxd2 16. Nfxd2 Rad8
17. Ba3 d5 18. Nxf6+ Bxf6 19. cxd5 Bxd5 20. Bxd5+ Rxd5 21. Ne4 Rxd1 22. Rxd1
Be7 23. Rd7 Bxa3 24. Nf6+ Kf8 25. Nxh7+ Kg8 26. Nf6+ Kf8 27. Nxe8 Kxe8 28. Rxb7
Bc5 29. a3 Bb6 30. Rg7 Nc5 31. b4 Ne4 32. Kg2 Nxf2 33. Rxg6 Bd4 34. h4 $18) 13.
e4 (13. Ng5 Bh6 (13... Nc7 $14) 14. f4 Bxg5 15. fxg5 Nh5 16. e4 Ng7 (16... f4
$2 17. gxf4 Nxf4 18. Nb5 Qd8 19. Rxf4 exf4 20. Qxf4 $18) 17. exf5 gxf5 $2 (
17... Bxf5 18. g4 $1 Bxg4 19. Ne4 Qxd2 20. Rxd2 Nh5 21. Nxd6 Re7 22. Nxb7 $1
$18) 18. g6 $18 hxg6 19. Qh6 Kf7 20. Ne4 Qd8 21. Ng5+ Kf6 22. Qh4 Qe7 23. Bxe5+
dxe5 24. d6 Qd7 25. Bd5 Nh5 26. Ne6+ {1-0 (26) Chuchelov,V (2540)-Haenisch,U
Bad Zwesten 1998}) 13... Qd8 {This retreat is an admission of defeat. Black
can't play ...Nc7 since this leaves Qa5 isolated} ({After} 13... Rb8 14. exf5
Bxf5 15. Nh4 Bd7 16. f4 $1 {seizes the initiative on the kingside.}) 14. Ng5 f4
$6 (14... Bh6 15. f4 fxe4 16. Ncxe4 Nxe4 17. Nxe4 Bf5 18. Rde1 Nc7 19. a3 a5
20. h3 $16) 15. gxf4 Nh5 16. fxe5 dxe5 17. Ne2 h6 18. Nf3 Qd6 $16 {At the
expense of a pawn Black has freed his position somewhat but his pieces lack
co-ordination. He has to use his strongest piece to blockade the white d-pawn,
The Na6 is out of the play and he is still behind in development. His only
active piece is Bc8. Unfortunately Black has no means of directing the Na6 
(the natural blockader) to d6.} 19. Ne1 g5 20. a3 Bd7 (20... Rd8 21. Nd3 Nc7
22. Bf3 Nf4 23. Nexf4 gxf4 24. Kh1 Ne8 25. Rg1 $18) 21. Nd3 Rf8 22. Kh1 Rae8 (
22... Rad8 23. Ng3 Nf4 24. Nxf4 Rxf4 25. Nh5 Rf7 26. Nxg7 Rxg7 27. Qc3 Re8 28.
Rd3 Ree7 29. Rg3 $18) 23. Rde1 Re7 24. Bc3 b5 (24... b6 25. Qb2 Nc7 26. f3 Kh7
(26... g4 27. fxg4 Rxf1+ 28. Rxf1 Bxg4 29. Ng1) 27. b4 Na6 28. Rd1 $16) 25. Rg1
bxc4 26. bxc4 Bc8 27. Ng3 Nf4 (27... Nxg3+ 28. fxg3 {Unfortunately the knight
on a6 can't be brought into the game:} Nb8 $2 29. Nxc5 $1 Qxc5 30. Bb4 $18) 28.
Nxf4 exf4 (28... Rxf4 29. Nh5 Rff7 30. Qe3 Nc7 31. Bf3 Ne8 32. h4 $18) 29. Bxg7
Kxg7 30. Nf5+ $6 ({A stronger try was} 30. e5 $1 Rxe5 31. Qc3 Rfe8 32. Ne4 Qe7
{and now yet another tactical blow decides the game} 33. Bh3 $3 Bxh3 34. Nxg5
$1 hxg5 35. Rxe5 Qxe5 36. Rxg5+ $18) 30... Bxf5 31. exf5 Rxf5 (31... Rxe1 32.
Rxe1 Nc7 33. Qb2+ Kg8 34. Bf3 a6 (34... Rxf5 35. Qb8+ Rf8 36. Qxa7 Rd8 37. Qb7
Kf8 38. Bh5 Kg8 39. a4 Ra8 40. Re6 $18)) 32. Rxe7+ Qxe7 33. d6 {At last the
pawn is free!} Qd8 34. Qb2+ {and the black king has no squares. Either Black
loses the knight on a6 or - if the king goes to a white square - a move by the
white bishop is lethal.} 1-0

[Event "EU-Cup 30th"]
[Site "Bilbao"]
[Date "2014.09.16"]
[Round "3.2"]
[White "Grischuk, Alexander"]
[Black "Rodshtein, Maxim"]
[Result "1-0"]
[WhiteElo "2789"]
[BlackElo "2678"]
[Annotator "CB"]
[PlyCount "43"]
[EventDate "2014.09.14"]
[EventType "team-swiss"]
[EventRounds "7"]
[EventCountry "ESP"]
[SourceTitle "CBM 163"]
[Source "ChessBase"]
[SourceDate "2014.11.11"]
[SourceVersion "1"]
[SourceVersionDate "2014.11.11"]
[SourceQuality "1"]
[WhiteTeam "Malachite Sverdlovsk Region"]
[BlackTeam "Beer Sheva"]
[WhiteTeamCountry "RUS"]
[BlackTeamCountry "ISR"]

1. Nf3 d5 2. g3 c6 3. Bg2 Bf5 4. c4 dxc4 5. Na3 e5 6. Nxc4 e4 7. Nfe5 {Already
a very unusual game. White's centralized knights are annoying, but at the same
time they can be vulnerable to an attack.} Qc7 8. d4 f6 $6 {This probably
beings Rodshtein's problems.} 9. Ne3 Be6 10. N5c4 f5 {White's position looks
cramped, but in fact after a timely f3 it is Black's underdevelopment that
will come into play.} 11. O-O Nf6 12. f3 $1 exf3 13. Rxf3 g6 14. g4 $1 {
Why not? Going forward with the attack. Grischuk simply opens up lines.} f4 (
14... Nxg4 15. Nxg4 fxg4 16. Re3 {is ugly to say the least.}) 15. g5 Nh5 16. d5
$1 {More powerful play!} cxd5 17. Nxd5 Qc5+ 18. Nce3 $1 {The beautiful point
of White's position. d5 is defended and Black's position surprisingly
collapses.} fxe3 (18... Bg7 19. b4 $16) (18... Bxd5 19. b4 Qb6 20. Qxd5 $18)
19. b4 Qd6 20. Rxe3 {Rxe6 and Nc7+ is a threat.} Na6 21. Bb2 Bg7 22. Nf6+ {
A wonderful victory by Grischuk.} (22. Nf6+ Ke7 23. Qxd6+ Kxd6 24. Rd1+ Ke7 25.
Rd7+ Kf8 26. Rxe6 $18) 1-0

[Event "EU-Cup 30th"]
[Site "Bilbao"]
[Date "2014.09.17"]
[Round "4.2"]
[White "Dominguez Perez, Leinier"]
[Black "Grischuk, Alexander"]
[Result "0-1"]
[WhiteElo "2755"]
[BlackElo "2789"]
[Annotator "Chirila,C"]
[PlyCount "102"]
[EventDate "2014.09.14"]
[EventType "team-swiss"]
[EventRounds "7"]
[EventCountry "ESP"]
[SourceTitle "CBM 163"]
[Source "ChessBase"]
[SourceDate "2014.11.11"]
[SourceVersion "1"]
[SourceVersionDate "2014.11.11"]
[SourceQuality "1"]
[WhiteTeam "St Petersburg"]
[BlackTeam "Malachite Sverdlovsk Region"]
[WhiteTeamCountry "RUS"]
[BlackTeamCountry "RUS"]
[TimeControl "40/5400+30:1800+30"]

{I will not comment on the opening too much, it does not belong to our topic} 
1. e4 c5 2. Nf3 Nc6 3. d4 cxd4 4. Nxd4 Nf6 5. Nc3 e5 {The Schveshnikov, an
opening that has not been in the spotlight recently, even so it still remains
an extremely theoretical and classic opening.} 6. Ndb5 d6 7. Bg5 a6 8. Na3 b5
9. Nd5 (9. Bxf6 gxf6 10. Nd5 f5 11. Bd3 {is the other main option to combat
this opening}) 9... Be7 10. Bxf6 Bxf6 11. c3 (11. c4 {this move seems to have
gotten all the attention recently. I like to think white maintains a nice,
long lasting advantage due to his massive control of the d5 square and the
potential that it offers.} b4 12. Nc2 a5 13. g3 O-O 14. h4 Be6 15. Bh3 $14)
11... Rb8 12. Nc2 Bg5 13. a4 bxa4 14. Ncb4 Nxb4 15. cxb4 O-O 16. Rxa4 a5 17. b5
Bd7 18. Nc3 d5 $5 (18... Qb6 {this is the main line in this position, the game
continuation is clearly something Grischuk had deeply analyzed at home} 19. Bc4
Kh8 20. O-O f5 21. exf5 Bxf5 22. Qe2 Rbc8 23. Kh1 Bd7 24. f3 {was seen in
Dominguez Perez, L- Frolyanov,D 1-0 just a few months ago}) 19. Nxd5 (19. exd5
e4 20. Be2 (20. Rxe4 $5 f5 21. Rd4 Bf6 {black clearly has enough compensation
for the material deficit, Dominguez was clearly not in the mood to check
Sasha's home recipes}) 20... e3 21. f3 Bh4+ 22. g3 Bf6 23. O-O Bxc3 24. bxc3
Bxb5 $11) 19... Be7 20. Qb3 Bb4+ 21. Nxb4 axb4 22. Bc4 Bxb5 23. Bxb5 Rxb5 24.
O-O {the position is fairly equal, it is clear that black has a slight
pressure but with good care white should not have trouble maintaining equality}
Qd4 25. Re1 g6 26. g3 Rc8 27. Raa1 Kg7 28. Rad1 Qc4 29. Qxc4 Rxc4 {the
position is completely equal, Dominguez starts to relax thinking that any move
will maintain the balance.} 30. Rd7 $2 {first innacuracy} (30. Rd2 {it is very
important to firstly take control of the second rank} Rbc5 31. Kf1 h5 32. h4
Kf6 33. Re3 Ke6 34. Ke2 f5 35. exf5+ gxf5 36. Red3 $11) 30... Rc2 31. b3 (31.
Ra1 {already a desperate solution, but probably the best} Rb6 (31... Rxb2 $2
32. Raa7 Kf6 33. Rxf7+ Ke6 34. Rfe7+ Kd6 $11) 32. Raa7 Rf6 33. f4 g5 $1 (33...
exf4 34. e5 Rf5 35. e6 fxg3 36. Rxf7+ Kh6 37. hxg3 Re5 38. Rf2 Rc1+ 39. Kg2
Rxe6 $15) (33... Rxb2 34. fxe5 Rff2 35. e6 $11) 34. fxe5 Rff2 35. e6 Rg2+ 36.
Kf1 Rcf2+ 37. Ke1 Rxb2 38. Kf1 Rxh2 39. Kg1 $11 {white will hold, it is
extremely important to always look for counterplay in such situations. But as
expected, once the character of the position has changed it's extremely hard
to make the proper adjustments to your playing style.}) 31... Rb2 32. Re3 Rb6
$1 33. Rf3 Rf6 34. Rdd3 h5 {black is slowly squizing his opponent, exerting an
enormous pressure} 35. h3 (35. h4 Re2 36. Rxf6 Kxf6 37. Re3 Rb2 {with a
similar position as in the game, with the pawn on h3 white tries to maintain
the flexibility of his structure}) 35... Re2 36. Rxf6 Kxf6 37. Re3 (37. Rd6+ {
white could have tried a more active defense, but black still keeps a strong
advantage} Ke7 38. Rb6 Rxe4 39. h4 f6 40. Kg2 Rd4 41. Kh2 g5 42. hxg5 fxg5 43.
Kh3 h4 44. Kg2 Kd7 45. Kh3 (45. Rg6 hxg3 46. Rxg5 gxf2 47. Kxf2 Kd6 $16) 45...
Kc7 46. Rb5 Kd6 47. f3 Ke6 48. Rb6+ Kd5 49. Rb5+ Kd6 $16) 37... Rb2 38. Rf3+
Ke6 39. g4 Rb1+ 40. Kg2 h4 {its important to fix another possible weakness on
h3} 41. Rd3 (41. g5 Ke7 42. Rd3 (42. Kh2 Rc1 43. Kg2 Rc3 44. Re3 Rxe3 45. fxe3
f6 $19) 42... f6 43. gxf6+ Kxf6 44. Kf3 Kg5 $17) 41... f6 42. Kf3 f5 43. exf5+
gxf5 44. gxf5+ Kxf5 45. Ke2 Rb2+ 46. Kf1 Ke4 $19 {position is hopeless, the
passivity of white's pieces is simply too much} 47. Re3+ Kd4 48. Rf3 e4 49. Rf4
(49. Re3 Rd2 50. Ke1 Rd3 51. Ke2 Rxe3+ 52. fxe3+ Kc3 $19) 49... Rxb3 50. Rxh4
Rd3 51. Rh8 b3 {A brutal example of how the most guiltless innacuracies will
be taxed by a motivated opponent that knows his endgame theory. White simply
forgot to defend his second rank with Rd2, which in my opinion was the fatal
mistake in a completely equal position.} 0-1